बाल साहित्यकारों के संस्मरण / (Record no. 10720)

MARC details
000 -LEADER
fixed length control field 01091 a2200217 4500
005 - DATE AND TIME OF LATEST TRANSACTION
control field 2008082808528.0
008 - FIXED-LENGTH DATA ELEMENTS--GENERAL INFORMATION
fixed length control field 080828t xxu||||| |||| 00| 0 hin d
010 ## - LIBRARY OF CONGRESS CONTROL NUMBER
LC control number HIN-82603
020 ## - INTERNATIONAL STANDARD BOOK NUMBER
Terms of availability 175.00
International Standard Book Number 9788190557337
035 ## - SYSTEM CONTROL NUMBER
System control number HN-54949
037 ## - SOURCE OF ACQUISITION
Source of stock number/acquisition पु.प्र.अ.प्र/प्रका
082 ## - DEWEY DECIMAL CLASSIFICATION NUMBER
Classification number 808.883
245 ## - TITLE STATEMENT
Title बाल साहित्यकारों के संस्मरण /
Statement of responsibility, etc रमाशंकर द्वारा संपादित
246 ## - VARYING FORM OF TITLE
Title proper/short title Bal shityakarin ke snsmaran
Remainder of title edited by Ramashankar
260 ## - PUBLICATION, DISTRIBUTION, ETC. (IMPRINT)
Place of publication, distribution, etc इलाहाबाद
Name of publisher, distributor, etc कान्हा प्रकाशन
Date of publication, distribution, etc 2007
270 ## - ADDRESS
Address 60/50, चाहचन्द
City इलाहाबाद
Postal code 1
300 ## - PHYSICAL DESCRIPTION
Extent 144पृ
Dimensions 22 सेमी (सजिल्द)
700 ## - ADDED ENTRY--PERSONAL NAME
Personal name रमाशंकर
942 ## - ADDED ENTRY ELEMENTS (KOHA)
Institution code [OBSOLETE] dpl
Koha item type Hindi Books
Call number prefix 808.883 / बालसा
Source of classification or shelving scheme Dewey Decimal Classification
Classification part 808.883
Call number suffix बालसा
Holdings
Withdrawn status Lost status Damaged status Not for loan Home library Current library Date acquired Cost, normal purchase price Total Checkouts Full call number Barcode Date last seen Copy number Uniform Resource Identifier Cost, replacement price Price effective from Koha item type
        D.B.Act.Division D.B.Act.Division   175.00   808.883 बालसा HN-54949 15/09/2008 1 11808 175.00 15/09/2008 Hindi Books

© Delhi Public Library
Hit Counter
free hit counter